| 000 | 01648nam a22005890a 4500 | ||
|---|---|---|---|
| 001 | PT49729 | ||
| 003 | AR-LpoUNG | ||
| 005 | 20240215165640.0 | ||
| 008 | 201001s2013||||ag |||||||||||||||||spa d | ||
| 020 |
_a9789876301602 _c$39,95 |
||
| 040 |
_aAR-LpoUNG _bspa _eaacr |
||
| 041 | _aspa | ||
| 044 | _aag | ||
| 082 | 0 | _a909 357his | |
| 100 | 1 |
_aDell'Elicine, Eleonora _ecoor. |
|
| 245 | 1 | 0 | _aHistoria antigua, medieval y moderna a través de sus fuentes |
| 250 | _a1ra. ed. | ||
| 260 |
_aBuenos Aires : _bUniversidad Nacional de General Sarmiento, _c2013. |
||
| 300 |
_a184 p. : _bil., gráfs., tbls. _3Impreso |
||
| 490 | 0 |
_aLa Universidad en la escuela : fuentes comentadas de historia y filosofía ; _vno. 2 |
|
| 650 | 4 | _aANALISIS HISTORICO | |
| 650 | 4 | _aANTIGÜEDAD | |
| 650 | 4 | _aASPECTOS POLITICOS | |
| 650 | 4 | _aCIUDADES | |
| 650 | 4 | _aCOMERCIO | |
| 650 | 4 | _aDEMOCRACIA | |
| 650 | 4 | _aDOCUMENTOS PRIMARIOS | |
| 650 | 4 | _aEDAD MEDIA | |
| 650 | 4 | _aENSEÑANZA DE LA HISTORIA | |
| 650 | 4 | _aENSEÑANZA SECUNDARIA | |
| 650 | 4 | _aEUROPA | |
| 650 | 4 | _aGRECIA | |
| 650 | 4 | _aHISTORIA | |
| 650 | 4 | _aHISTORIA MODERNA | |
| 650 | 4 | _aHISTORIA SOCIAL | |
| 650 | 4 | _aINDUSTRIA | |
| 650 | 4 | _aMATERIAL DIDACTICO | |
| 650 | 4 | _aMEDIOS DE ENSEÑANZA | |
| 650 | 4 | _aNACIONALES | |
| 650 | 4 | _aPRODUCCION | |
| 650 | 4 | _aRENACIMIENTO | |
| 650 | 4 | _aSOBERANIA | |
| 650 | 4 | _aSOCIEDAD | |
| 650 | 4 | _aTRABAJO | |
| 651 | 4 | _aDOCUMENTOS TEORICOS O METODOLOGICOS | |
| 653 | _aROMA | ||
| 700 | 1 |
_aFrancisco, Héctor _ecoor. |
|
| 700 | 1 | _aPaiaro, Diego | |
| 700 | 1 | _aRequena, Mariano J. | |
| 905 | _a49729 | ||
| 942 |
_cLIB _2ddc |
||
| 999 |
_c51175 _d51175 |
||